000 00476nam a2200193Ia 4500
999 _c47519
_d47519
001 14383
003 GE_BSU
005 20221124103844.0
008 181216s2000||||ge |||||||||||||| ||eng||
020 _a9780140259223x
040 _cGE_BSU
041 _aeng
080 _a821.133.1 A-72
100 _aArdagh, John
_916014
245 _aFrance in the New Century
_cJohn Ardagh.
264 _aLondon :
_bPenguin Books,
_c2000.
300 _a575 p.;
_b20 cm.
942 _cBK
_2udc